000
00334nam a2200121 a 4500
005
20140414131926.0
008
101027s19uu xx 00 eng d
050
_a
ER
_b
W72
100
_a
Birney, Betty
245
_a
Winnie the Pooh : Oh, bother! someone's fibbling.
260
_a
New York :
_b
A Golden Book, Western.
999
_c
112030
_d
112030